College Quizbowl Stats
College Quizbowl Stats
Circuits
Seasons
Sets
Records
Detailed Stats
About
Loading...
2024 ARGOS @ Columbia
Tossups
Bonuses
Players
Teams
Categories (Tossup)
Categories (Bonus)
Fierro Grey
NJ TRANSit (and bobby i guess)
Categories
Category
Powers
Gets
Negs
BBs
Points
Earliest Buzz
Avg. Buzz
First Buzzes
Top 3 Buzzes
BPA
PVF
Fine Arts - Auditory
0
2
0
0
20
102
119.50
0
2
0.00
0.00
History - American
0
1
0
1
10
145
145.00
1
1
0.00
0.00
Fine Arts - Other
0
0
0
0
0
0.00
0
0
0.00
0.00
Buzzes
Category
Answer
Value
Buzz Position
Fine Arts - Auditory
Scott Joplin
10
102
History - American
Detroit
0
134
Fine Arts - Auditory
Carl Philip Emmanuel Bach
10
137
Fine Arts - Other
“Ornithology”
0
141
History - American
Narragansett people
10
145
Previous
1
Next